[Event "SVK-chT2D 1213"]
[Site "Slovakia"]
[Date "2012.10.13"]
[Round "1.8"]
[White "Kalavsky, Frantisek"]
[Black "Jusko, Peter"]
[Result "1/2-1/2"]
[WhiteElo "1918"]
[BlackElo "1901"]
[PlyCount "68"]
[EventDate "2012.10.13"]
[EventType "team-tourn"]
[EventRounds "11"]
[EventCountry "SVK"]
[SourceTitle "EXT 2015"]
[Source "ChessBase"]
[SourceDate "2014.11.20"]
[SourceVersion "1"]
[SourceVersionDate "2014.11.20"]
[SourceQuality "1"]
[WhiteTeam "Gelnica Slovan"]
[BlackTeam "Sabinov II"]
[WhiteTeamCountry "SVK"]
[BlackTeamCountry "SVK"]

1. e4 c5 2. Nf3 Nc6 3. d4 cxd4 4. Nxd4 e5 5. Nb5 d6 6. N1c3 a6 7. Na3 b5 8. Nd5 Nge7 9. c4 Nd4 10. Nxe7 Bxe7 11. cxb5 0-0 12. Be3 Nxb5 13. Bxb5 axb5 14. Qd5 Be6 15. Qxb5 Rb8 16. Qe2 Qa5+ 17. Bd2 Qa4 18. Bc3 Rfc8 19. Qd3 Rc5 20. 0-0 Rbc8 21. Rfc1 d5 22. exd5 Rxd5 23. Qc2 Qa6 24. Nb1 Bg5 25. Re1 Qd6 26. Qe2 f6 27. Na3 Bd2 28. Nc4 Rxc4 29. Qxc4 Bxe1 30. Rxe1 Rd1 31. Qa4 Rxe1+ 32. Bxe1 Kf7 33. h3 Qd3 34. Bc3 Qb1+ 1/2-1/2

[Event "SVK-chT2D 0809"]
[Site "Slovakia"]
[Date "2008.12.07"]
[Round "6.4"]
[White "Kalavsky, Frantisek"]
[Black "Kneznik, Frantisek"]
[Result "0-1"]
[WhiteElo "1972"]
[BlackElo "1985"]
[PlyCount "56"]
[EventDate "2008.10.11"]
[EventType "team-tourn"]
[EventRounds "11"]
[EventCountry "SVK"]
[SourceTitle "EXT 2010"]
[Source "ChessBase"]
[SourceDate "2010.11.25"]
[SourceVersion "1"]
[SourceVersionDate "2010.11.25"]
[SourceQuality "1"]
[WhiteTeam "Gelnica Slovan"]
[BlackTeam "Hranovnica"]
[WhiteTeamCountry "SVK"]
[BlackTeamCountry "SVK"]

1. e4 e5 2. Nf3 Nf6 3. Bc4 Nxe4 4. Nc3 Nxc3 5. dxc3 f6 6. 0-0 d6 7. Nh4 g6 8. f4 f5 9. Nf3 Bg7 10. Qd5 Qe7 11. fxe5 dxe5 12. Bg5 c6 13. Qd3 Qc7 14. Kh1 Nd7 15. b4 e4 16. Rae1 Kf8 17. Rxe4 fxe4 18. Qxe4 Qd6 19. Ne5+ Nf6 20. Rxf6+ Bxf6 21. Bh6+ Bg7 22. Qf4+ Bf5 23. Nxg6+ Qxg6 24. Bxg7+ Kxg7 25. Qe5+ Qf6 26. Qc7+ Kh6 27. Qf4+ Qg5 28. Qd6+ Bg6 0-1

[Event "SVK-chT2D 0708"]
[Site "Slovakia"]
[Date "2007.11.03"]
[Round "3.16"]
[White "Pollak, Rudolf"]
[Black "Kalavsky, Frantisek"]
[Result "0-1"]
[WhiteElo "1873"]
[BlackElo "1983"]
[PlyCount "96"]
[EventDate "2007.10.06"]
[EventType "team-tourn"]
[EventRounds "11"]
[EventCountry "SVK"]
[SourceTitle "EXT 2010"]
[Source "ChessBase"]
[SourceDate "2010.11.25"]
[SourceVersion "1"]
[SourceVersionDate "2010.11.25"]
[SourceQuality "1"]
[WhiteTeam "Zborov Magura"]
[BlackTeam "Gelnica Slovan"]
[WhiteTeamCountry "SVK"]
[BlackTeamCountry "SVK"]

1. e4 c5 2. Nf3 a6 3. d4 cxd4 4. Nxd4 Nf6 5. Nc3 e5 6. Nb3 Bb4 7. Bd2 0-0 8. Bd3 Nc6 9. a3 Be7 10. 0-0 b6 11. Be3 d6 12. Nd5 Nxd5 13. exd5 Nb8 14. Nd2 f5 15. f3 Bb7 16. c4 Nd7 17. b4 Rc8 18. Qe2 Bg5 19. Rfd1 Bxe3+ 20. Qxe3 Qh4 21. Nf1 Rce8 22. g3 Qh5 23. Be2 Qg6 24. Qf2 f4 25. Bd3 Qg5 26. g4 Qe7 27. Nd2 Rb8 28. h4 Nf6 29. g5 Nh5 30. Ne4 Bc8 31. Qc2 g6 32. Re1 Bf5 33. Nf2 Bxd3 34. Qxd3 Ng3 35. Ng4 Nf5 36. Nf6+ Rxf6 37. gxf6 Qxf6 38. Ra2 Qxh4 39. Qf1 Nd4 40. Rg2 Nxf3+ 41. Qxf3 Qxe1+ 42. Kh2 Qh4+ 43. Kg1 Re8 44. Qe4 Qh5 45. Kf2 Kf8 46. c5 Qh4+ 47. Kf1 Qh3 48. Ke1 f3 0-1

[Event "SVK-chT2D 0506"]
[Site "Slovakia"]
[Date "2006.02.12"]
[Round "9.5"]
[White "Sutak, Andrej"]
[Black "Kalavsky, Frantisek"]
[Result "1/2-1/2"]
[WhiteElo "2082"]
[BlackElo "1972"]
[PlyCount "106"]
[EventDate "2005.10.22"]
[EventType "team-tourn"]
[EventRounds "11"]
[EventCountry "SVK"]
[SourceTitle "EXT 2009"]
[Source "ChessBase"]
[SourceDate "2008.11.26"]
[SourceVersion "1"]
[SourceVersionDate "2008.11.26"]
[SourceQuality "1"]

1. e4 c5 2. c3 e6 3. d4 cxd4 4. cxd4 d5 5. e5 Bb4+ 6. Nc3 Ne7 7. Nf3 0-0 8. Bd3 Ng6 9. 0-0 Nc6 10. Be3 a6 11. Rc1 Bd7 12. Bb1 Rc8 13. a3 Be7 14. b4 Na7 15. Qd2 a5 16. Ne2 axb4 17. Rxc8 Qxc8 18. axb4 Bb5 19. Bxg6 hxg6 20. Rb1 Qc4 21. Ng3 Nc6 22. Ng5 Ra8 23. h4 Ra3 24. Qd1 Rd3 25. Qg4 Nxe5 26. Qf4 Bxg5 27. hxg5 Nc6 28. Nf1 Ra3 29. Qc7 Ra8 30. Qxb7 Re8 31. Qb6 Ne7 32. Qc5 Qd3 33. Qc1 Nf5 34. Qd1 Qxd1 35. Rxd1 Rc8 36. Nd2 Rc2 37. Nf3 Nxe3 38. fxe3 Rb2 39. Ne5 Rxb4 40. Ra1 Be8 41. Ra8 Kf8 42. Kf2 Rb7 43. Kf3 Ke7 44. Kf4 f6 45. Ng4 Bb5 46. gxf6+ gxf6 47. Rh8 g5+ 48. Kg3 Bd3 49. Rh6 Bf5 50. Nxf6 Rb3 51. Kf2 Kf7 52. Nd7 Rb2+ 53. Kf1 g4 1/2-1/2

[Event "SVK-chT2D 0506"]
[Site "Slovakia"]
[Date "2005.12.17"]
[Round "5.5"]
[White "Starzec, Juraj"]
[Black "Kalavsky, Frantisek"]
[Result "1-0"]
[WhiteElo "2041"]
[BlackElo "1972"]
[PlyCount "86"]
[EventDate "2005.10.22"]
[EventType "team-tourn"]
[EventRounds "11"]
[EventCountry "SVK"]
[SourceTitle "EXT 2009"]
[Source "ChessBase"]
[SourceDate "2008.11.26"]
[SourceVersion "1"]
[SourceVersionDate "2008.11.26"]
[SourceQuality "1"]

1. e4 c5 2. Nf3 Nc6 3. d4 cxd4 4. Nxd4 Nf6 5. Nc3 e5 6. Ndb5 d6 7. Nd5 Nxd5 8. exd5 Nb8 9. c4 Be7 10. Be2 Nd7 11. 0-0 a6 12. Nc3 0-0 13. f4 exf4 14. Bxf4 Nf6 15. Qd2 Re8 16. Rae1 Bg4 17. Bxg4 Nxg4 18. h3 Nf6 19. b3 Nh5 20. Bh2 Qb6+ 21. Qe3 Qxe3+ 22. Rxe3 Bf6 23. Ref3 Bd4+ 24. Kh1 Nf6 25. Rd3 Be5 26. Bxe5 Rxe5 27. a4 Rae8 28. Kh2 Nd7 29. Rdf3 R5e7 30. a5 Nc5 31. b4 Nb3 32. R1f2 Nd4 33. Rd3 Nb3 34. Rb2 Nc1 35. Rd1 Re1 36. Rxe1 Rxe1 37. c5 Re7 38. cxd6 Rd7 39. Rc2 Nd3 40. Ne4 Rd8 41. d7 Kf8 42. d6 Nxb4 43. Rc8 Nc6 1-0